000 00501nam a2200169Ia 4500
005 20260121165310.0
008 260121s9999 xx 000 0 und d
020 _a978-93-95664-37-0
041 _amar
082 _a923.254
100 _aपालकर, ना. ह.
245 _aडॉ. हेगडेवार
250 _a1
260 _bभारतीय विचार साधना पुणे
_c2025
300 _a508;32
650 _aमराठी साहित्य
_9216397
999 _c369971
_d369971